000 01915cam a22004574i 4500
003 PE-LiUPU
005 20250731172956.0
008 150623s r 000 0 d
020 _a080105835X
035 _a(Sirsi) i9780801058356
040 _aPE-LiUPU
_bspa
_cPE-LiUPU
_erda
049 _aPRUA
082 0 4 _a220.520 01
_bC26
_221
100 1 _aCarson, D. A.,
_eautor.
245 1 4 _aThe inclusive-language debate :
_ba plea for realism /
_cD. A. Carson.
264 1 _aMichigan :
_bBaker Books,
_c1998.
300 _a221 páginas ;
_c21 centímetros
336 _atext
_2rdacontent
337 _aunmediated
_2rdamedia
338 _avolume
_2rdacarrier
504 _aIncluye bibliografía.
505 0 _aThe making of a crisis: Bible translaation and Bible rage. -Conflicting principles: the CBT and CSG on inclusive language. -Translation and treason: aan inevitable and impossible task.-gender and sex around the world: a translator's nightmare. -A brief evaluation of the CBT and CS principles. -Some Old Testament passages. -Some New Testament passages. -Some critical passges with important doctrinal issues at stake. -But is the english language changing?. -Pastoral considerations: How to avoid Bible rage.
526 _aSEG42
526 _aSEG41
526 _aSEG40
526 _aSEG39
526 _aP94
526 _aP87
526 _aP86
526 _aP85
526 _aP77
526 _aP76
526 _aP35
650 0 4 _aVersiones de la biblia.
942 _2ddc
_cBOOK
949 _a220.520 01 C26
_wDEWEY
_c1
_i45346
_lCCODEBUL1
_mBUL
_r0
_sY
_tBOOK
_u2015-6-24
_xTEOLOGIA
_PP35
_0COMPRA
_o.STAFF. Colección General
994 _aC0
_bPEPRU
596 _a1
999 _a220.520 01 C26
_wDEWEY
_c22208
_i45346
_f2021-11-9
_g5
_lCCODEBUL1
_mBUL
_r0
_sY
_tBOOK
_u2015-6-24
_xTEOLOGIA
_PP35
_0COMPRA
_o.STAFF. Colección General
_d22208
980 _81
_gALBERTO SANCHEZ Responsable de Automatización